[Event "Kandidatklassen"]
[Site "?"]
[Date "2018.03.31"]
[Round "5.1"]
[White "Jørgen Jørgensen (2226), Brian"]
[Black "Aabling-Thomsen (2358), IM Jakob"]
[Result "0-1"]
[BlackElo "2358"]
[WhiteElo "2228"]
[LiveChessVersion "1.4.8"]

1. d4 {[%clk 1:30:57]} g6 {[%clk 1:30:52]} 2. Bf4 {[%clk 1:31:22]} Bg7
{[%clk 1:31:16]} 3. e3 {[%clk 1:31:47]} d6 {[%clk 1:31:33]} 4. Nf3
{[%clk 1:32:12]} Nd7 {[%clk 1:31:02]} 5. Be2 {[%clk 1:32:33]} e5 {[%clk 1:30:30]}
6. Bg3 {[%clk 1:32:28]} Ne7 {[%clk 1:30:07]} 7. h3 {[%clk 1:29:46]} O-O
{[%clk 1:22:48]} 8. O-O {[%clk 1:27:21]} h6 {[%clk 1:19:32]} 9. c4
{[%clk 1:12:49]} Nf5 {[%clk 1:12:38]} 10. Nc3 {[%clk 0:41:58]} Nxg3
{[%clk 1:08:11]} 11. fxg3 {[%clk 0:42:23]} c6 {[%clk 0:54:12]} 12. Qd2
{[%clk 0:41:18]} Qe7 {[%clk 0:53:25]} 13. g4 {[%clk 0:40:41]} Re8
{[%clk 0:48:16]} 14. Ne1 {[%clk 0:33:47]} exd4 {[%clk 0:37:38]} 15. exd4
{[%clk 0:34:10]} Qg5 {[%clk 0:37:55]} 16. Qxg5 {[%clk 0:32:56]} Bxd4+
{[%clk 0:37:29]} 17. Kh1 {[%clk 0:31:17]} hxg5 {[%clk 0:37:51]} 18. Bd3
{[%clk 0:30:13]} Nc5 {[%clk 0:28:35]} 19. Rf3 {[%clk 0:28:07]} Bxc3
{[%clk 0:23:41]} 20. bxc3 {[%clk 0:28:31]} Be6 {[%clk 0:23:09]} 21. Bf1
{[%clk 0:28:01]} d5 {[%clk 0:23:22]} 22. cxd5 {[%clk 0:27:59]} Bxd5
{[%clk 0:23:50]} 23. Rf2 {[%clk 0:27:21]} Re3 {[%clk 0:23:47]} 24. c4
{[%clk 0:26:52]} Be4 {[%clk 0:19:25]} 25. Nf3 {[%clk 0:25:41]} Bxf3
{[%clk 0:17:43]} 26. gxf3 {[%clk 0:24:07]} Rd8 {[%clk 0:17:39]} 27. Bg2
{[%clk 0:23:35]} Red3 {[%clk 0:14:15]} 28. Bf1 {[%clk 0:20:59]} Rd2
{[%clk 0:12:20]} 29. Kg1 {[%clk 0:20:32]} Kg7 {[%clk 0:12:34]} 30. a3
{[%clk 0:18:06]} R8d4 {[%clk 0:09:23]} 31. Re2 {[%clk 0:16:12]} Rxe2
{[%clk 0:07:59]} 32. Bxe2 {[%clk 0:16:37]} Rd2 {[%clk 0:08:22]} 33. Kf2
{[%clk 0:16:59]} Rb2 {[%clk 0:06:39]} 34. Ke3 {[%clk 0:12:59]} Kf6
{[%clk 0:06:43]} 35. Kd4 {[%clk 0:04:46]} Ne6+ {[%clk 0:03:28]} 36. Ke3
{[%clk 0:05:05]} Ke5 {[%clk 0:03:44]} 37. Bd1 {[%clk 0:03:44]} Nc5
{[%clk 0:01:40]} 38. Rc1 {[%clk 0:01:12]} f5 {[%clk 0:01:32]} 39. Bc2
{[%clk 0:00:48]} Ra2 {[%clk 0:01:33]} 40. a4 {[%clk 0:00:42]} Ra3+
{[%clk 0:00:45]} 41. Ke2 {[%clk 0:27:01]} Nxa4 {[%clk 0:26:10]} 42. f4+
{[%clk 0:22:26]} gxf4 {[%clk 0:25:17]} 43. gxf5 {[%clk 0:22:48]} gxf5
{[%clk 0:24:14]} 44. h4 {[%clk 0:22:15]} Nc3+ {[%clk 0:23:46]} 45. Kd2
{[%clk 0:20:12]} Ne4+ {[%clk 0:24:07]} 46. Bxe4 {[%clk 0:19:39]} fxe4
{[%clk 0:24:30]} 47. Rh1 {[%clk 0:20:04]} Rd3+ {[%clk 0:21:24]} 48. Kc2
{[%clk 0:20:17]} Rd6 {[%clk 0:21:33]} 0-1

[Event "Kandidatklassen"]
[Site "?"]
[Date "2018.03.31"]
[Round "5.2"]
[White "Valentin Rostgaard (2288), FM Tobias"]
[Black "Nørskov Laursen (2291), FM Niels"]
[Result "1-0"]
[BlackElo "2291"]
[WhiteElo "2288"]
[LiveChessVersion "1.4.8"]

1. d4 {[%clk 1:30:57]} d6 {[%clk 1:30:53]} 2. Nf3 {[%clk 1:31:22]} Nf6
{[%clk 1:31:16]} 3. c4 {[%clk 1:31:46]} g6 {[%clk 1:31:38]} 4. Nc3
{[%clk 1:32:11]} Bg7 {[%clk 1:32:04]} 5. e4 {[%clk 1:32:33]} O-O {[%clk 1:32:26]}
6. Be2 {[%clk 1:32:47]} e5 {[%clk 1:32:47]} 7. O-O {[%clk 1:33:09]} Na6
{[%clk 1:33:06]} 8. d5 {[%clk 1:30:40]} Nc5 {[%clk 1:32:47]} 9. Nd2
{[%clk 1:26:17]} a5 {[%clk 1:32:34]} 10. Qc2 {[%clk 1:22:11]} Ne8
{[%clk 1:24:17]} 11. Nb3 {[%clk 1:17:15]} b6 {[%clk 1:17:11]} 12. Nxc5
{[%clk 1:17:09]} bxc5 {[%clk 1:14:28]} 13. Rb1 {[%clk 1:16:19]} f5
{[%clk 1:12:22]} 14. a3 {[%clk 1:16:08]} Nf6 {[%clk 1:02:11]} 15. f3
{[%clk 1:12:50]} f4 {[%clk 0:53:48]} 16. b4 {[%clk 1:13:05]} axb4
{[%clk 0:53:51]} 17. axb4 {[%clk 1:13:29]} cxb4 {[%clk 0:51:03]} 18. Rxb4
{[%clk 1:13:18]} Rf7 {[%clk 0:47:08]} 19. Na4 {[%clk 1:10:23]} Bf8
{[%clk 0:36:12]} 20. c5 {[%clk 1:08:43]} dxc5 {[%clk 0:31:44]} 21. Nxc5
{[%clk 1:06:58]} c6 {[%clk 0:31:49]} 22. dxc6 {[%clk 1:03:21]} Qd6
{[%clk 0:23:07]} 23. Rc4 {[%clk 0:50:01]} Qxc6 {[%clk 0:20:53]} 24. Nd3
{[%clk 0:48:24]} Qb6+ {[%clk 0:17:18]} 25. Kh1 {[%clk 0:48:45]} Nh5
{[%clk 0:13:21]} 26. Rxc8 {[%clk 0:47:18]} Rxc8 {[%clk 0:08:41]} 27. Qxc8
{[%clk 0:47:22]} Rc7 {[%clk 0:07:56]} 28. Qd8 {[%clk 0:47:14]} 1-0

[Event "Kandidatklassen"]
[Site "?"]
[Date "2018.03.31"]
[Round "5.3"]
[White "Rossen (2176), Claus"]
[Black "Manosri Jacobsen (2154), FM Mikkel"]
[Result "0-1"]
[BlackElo "2154"]
[WhiteElo "2176"]
[LiveChessVersion "1.4.8"]

1. e4 {[%clk 1:30:58]} c6 {[%clk 1:30:56]} 2. d4 {[%clk 1:31:22]} d5
{[%clk 1:31:24]} 3. e5 {[%clk 1:31:47]} Bf5 {[%clk 1:31:48]} 4. Nf3
{[%clk 1:32:14]} e6 {[%clk 1:32:14]} 5. Be2 {[%clk 1:32:41]} Ne7 {[%clk 1:32:39]}
6. O-O {[%clk 1:33:00]} Nd7 {[%clk 1:33:03]} 7. c4 {[%clk 1:33:18]} dxc4
{[%clk 1:28:25]} 8. Bxc4 {[%clk 1:32:26]} Nb6 {[%clk 1:28:47]} 9. Bd3
{[%clk 1:31:27]} Bxd3 {[%clk 1:22:08]} 10. Qxd3 {[%clk 1:31:46]} Qd7
{[%clk 1:21:46]} 11. Nc3 {[%clk 1:30:36]} O-O-O {[%clk 1:18:56]} 12. Be3
{[%clk 1:22:24]} Kb8 {[%clk 1:14:56]} 13. Ne4 {[%clk 1:17:01]} Nf5
{[%clk 1:13:44]} 14. Rac1 {[%clk 1:07:38]} Be7 {[%clk 1:04:22]} 15. g4
{[%clk 0:55:05]} Nxe3 {[%clk 1:03:37]} 16. fxe3 {[%clk 0:54:57]} f5
{[%clk 0:52:54]} 17. gxf5 {[%clk 0:51:51]} exf5 {[%clk 0:49:35]} 18. Nc5
{[%clk 0:49:15]} Bxc5 {[%clk 0:47:42]} 19. Rxc5 {[%clk 0:49:38]} g5
{[%clk 0:47:51]} 20. e6 {[%clk 0:42:51]} Qxe6 {[%clk 0:47:17]} 21. Rxf5
{[%clk 0:42:20]} Rhg8 {[%clk 0:43:54]} 22. Ne5 {[%clk 0:41:43]} g4
{[%clk 0:42:00]} 23. Nf7 {[%clk 0:31:20]} Rd7 {[%clk 0:07:13]} 24. Ng5
{[%clk 0:23:15]} Qe8 {[%clk 0:03:29]} 25. e4 {[%clk 0:19:25]} g3 {[%clk 0:01:40]}
26. hxg3 {[%clk 0:17:01]} Rdg7 {[%clk 0:00:55]} 27. Qf3 {[%clk 0:17:03]} Nc8
{[%clk 0:00:45]} 28. Qf4+ {[%clk 0:16:47]} Ka8 {[%clk 0:01:11]} 29. Rf8
{[%clk 0:16:47]} Qd7 {[%clk 0:01:37]} 30. Rxg8 {[%clk 0:15:05]} Rxg8
{[%clk 0:02:05]} 31. Qe5 {[%clk 0:11:53]} Re8 {[%clk 0:00:45]} 32. Qf6
{[%clk 0:11:19]} h6 {[%clk 0:01:13]} 33. Qxh6 {[%clk 0:10:58]} Qxd4+
{[%clk 0:01:38]} 34. Kg2 {[%clk 0:10:23]} Qxb2+ {[%clk 0:00:49]} 35. Rf2
{[%clk 0:10:51]} Qb4 {[%clk 0:00:46]} 36. Qg7 {[%clk 0:10:46]} a5
{[%clk 0:00:35]} 37. Rb2 {[%clk 0:06:13]} Qe7 {[%clk 0:01:00]} 38. Qxe7
{[%clk 0:06:36]} Rxe7 {[%clk 0:00:55]} 39. Kf3 {[%clk 0:07:03]} b5
{[%clk 0:01:04]} 40. Kf4 {[%clk 0:06:55]} Nd6 {[%clk 0:00:41]} 41. Rh2
{[%clk 0:06:50]} Nc4 {[%clk 0:20:09]} 42. Kf5 {[%clk 0:31:47]} Re5+
{[%clk 0:15:39]} 43. Kf6 {[%clk 0:32:10]} a4 {[%clk 0:15:14]} 44. Re2
{[%clk 0:29:23]} b4 {[%clk 0:14:09]} 45. Nf3 {[%clk 0:29:40]} Re8
{[%clk 0:13:41]} 46. Nd4 {[%clk 0:20:46]} Kb7 {[%clk 0:08:06]} 47. e5
{[%clk 0:19:29]} c5 {[%clk 0:03:24]} 48. Ne6 {[%clk 0:19:41]} Kb6
{[%clk 0:03:24]} 49. Kf7 {[%clk 0:19:01]} Ra8 {[%clk 0:03:06]} 50. Nf4
{[%clk 0:15:50]} b3 {[%clk 0:02:53]} 51. axb3 {[%clk 0:15:59]} axb3
{[%clk 0:03:21]} 52. Nd5+ {[%clk 0:14:06]} Kc6 {[%clk 0:03:01]} 53. Nc3
{[%clk 0:14:14]} b2 {[%clk 0:00:56]} 54. e6 {[%clk 0:13:51]} Ra3 {[%clk 0:00:52]}
55. Rxb2 {[%clk 0:08:40]} Rxc3 {[%clk 0:01:17]} 56. Rg2 {[%clk 0:08:07]} Rf3+
{[%clk 0:01:20]} 57. Ke7 {[%clk 0:08:10]} Ne5 {[%clk 0:01:43]} 58. Ke8
{[%clk 0:07:13]} Ng6 {[%clk 0:00:58]} 59. e7 {[%clk 0:07:10]} Re3
{[%clk 0:01:21]} 60. Kf7 {[%clk 0:07:31]} Nxe7 {[%clk 0:01:46]} 61. g4
{[%clk 0:07:57]} c4 {[%clk 0:01:36]} 62. g5 {[%clk 0:08:17]} c3 {[%clk 0:00:58]}
63. g6 {[%clk 0:07:39]} Nxg6 {[%clk 0:01:24]} 64. Kxg6 {[%clk 0:06:52]} Rf3
{[%clk 0:01:03]} 65. Kg5 {[%clk 0:06:51]} Kd5 {[%clk 0:01:24]} 66. Ra2
{[%clk 0:06:29]} Kc4 {[%clk 0:00:58]} 67. Kg4 {[%clk 0:06:51]} Rf6
{[%clk 0:01:04]} 68. Ra4+ {[%clk 0:04:47]} Kb3 {[%clk 0:01:23]} 69. Ra8
{[%clk 0:05:13]} Rc6 {[%clk 0:01:48]} 70. Rb8+ {[%clk 0:05:32]} Kc4
{[%clk 0:02:13]} 0-1

[Event "Kandidatklassen"]
[Site "?"]
[Date "2018.03.31"]
[Round "5.4"]
[White "Haubro (2376), IM Martin"]
[Black "Haarmark Nielsen (2308), Viktor"]
[Result "0-1"]
[BlackElo "2308"]
[WhiteElo "2376"]
[LiveChessVersion "1.4.8"]

1. e4 {[%clk 1:30:58]} e5 {[%clk 1:30:53]} 2. Nf3 {[%clk 1:31:23]} Nc6
{[%clk 1:31:18]} 3. Bb5 {[%clk 1:31:50]} a6 {[%clk 1:31:44]} 4. Ba4
{[%clk 1:32:17]} Nf6 {[%clk 1:32:09]} 5. O-O {[%clk 1:32:42]} Be7
{[%clk 1:32:36]} 6. Re1 {[%clk 1:33:06]} b5 {[%clk 1:33:02]} 7. Bb3
{[%clk 1:33:32]} O-O {[%clk 1:33:26]} 8. a4 {[%clk 1:34:00]} b4 {[%clk 1:33:49]}
9. d4 {[%clk 1:34:02]} d6 {[%clk 1:33:42]} 10. dxe5 {[%clk 1:29:59]} dxe5
{[%clk 1:32:40]} 11. Bd5 {[%clk 1:18:20]} Bb7 {[%clk 1:29:57]} 12. c4
{[%clk 1:14:19]} Na5 {[%clk 1:19:51]} 13. Nxe5 {[%clk 0:50:17]} c6
{[%clk 1:19:46]} 14. Nxf7 {[%clk 0:50:43]} Rxf7 {[%clk 1:19:44]} 15. Bxf7+
{[%clk 0:51:09]} Kxf7 {[%clk 1:19:57]} 16. Nd2 {[%clk 0:50:59]} c5
{[%clk 1:05:17]} 17. e5 {[%clk 0:44:25]} Ne8 {[%clk 1:05:29]} 18. Qg4
{[%clk 0:42:17]} Qd4 {[%clk 0:46:17]} 19. Ne4 {[%clk 0:38:27]} Qxc4
{[%clk 0:29:29]} 20. Bg5 {[%clk 0:36:59]} Qe6 {[%clk 0:26:17]} 21. Nd6+
{[%clk 0:23:59]} Bxd6 {[%clk 0:25:40]} 22. Qf4+ {[%clk 0:20:32]} Nf6
{[%clk 0:22:00]} 23. Bxf6 {[%clk 0:18:33]} Qxf6 {[%clk 0:21:50]} 24. e6+
{[%clk 0:14:42]} Ke7 {[%clk 0:21:38]} 0-1

[Event "Kandidatklassen"]
[Site "?"]
[Date "2018.03.31"]
[Round "5.5"]
[White "Miqueu (2159), Jean-Phillipe"]
[Black "Skaarup (2055), Kasper"]
[Result "1/2-1/2"]
[BlackElo "2055"]
[WhiteElo "2159"]
[LiveChessVersion "1.4.8"]

1. e4 {[%clk 1:30:56]} e6 {[%clk 1:30:57]} 2. d4 {[%clk 1:31:19]} d5
{[%clk 1:31:25]} 3. e5 {[%clk 1:31:43]} c5 {[%clk 1:31:46]} 4. c3
{[%clk 1:32:07]} Qb6 {[%clk 1:32:09]} 5. Nf3 {[%clk 1:32:30]} Nc6
{[%clk 1:32:33]} 6. Be2 {[%clk 1:32:52]} Bd7 {[%clk 1:31:48]} 7. O-O
{[%clk 1:32:54]} f6 {[%clk 1:29:26]} 8. dxc5 {[%clk 0:54:39]} Bxc5
{[%clk 1:28:48]} 9. b4 {[%clk 0:54:38]} Be7 {[%clk 1:28:45]} 10. Bf4
{[%clk 0:53:10]} fxe5 {[%clk 1:23:42]} 11. Nxe5 {[%clk 0:53:25]} Nxe5
{[%clk 1:24:02]} 12. Bxe5 {[%clk 0:53:47]} Nf6 {[%clk 1:24:18]} 13. Nd2
{[%clk 0:49:06]} O-O {[%clk 1:23:33]} 14. Bd3 {[%clk 0:44:25]} Bb5
{[%clk 1:15:03]} 15. Qe2 {[%clk 0:38:41]} Bxd3 {[%clk 1:12:06]} 16. Qxd3
{[%clk 0:39:05]} Rad8 {[%clk 1:07:09]} 1/2-1/2

[Event "Kandidatklassen"]
[Site "?"]
[Date "2018.03.31"]
[Round "5.6"]
[White "Bæhring Madsen (2140), Michael"]
[Black "Stentebjerg-Hansen (2231), Per"]
[Result "1/2-1/2"]
[BlackElo "2231"]
[WhiteElo "2140"]
[LiveChessVersion "1.4.8"]

1. d4 {[%clk 1:30:57]} d5 {[%clk 1:30:49]} 2. c4 {[%clk 1:31:22]} c6
{[%clk 1:31:12]} 3. cxd5 {[%clk 1:31:45]} cxd5 {[%clk 1:31:38]} 4. Bg5
{[%clk 1:32:08]} h6 {[%clk 1:27:41]} 5. Bh4 {[%clk 1:32:15]} Qa5+
{[%clk 1:07:49]} 6. Nc3 {[%clk 1:32:07]} e6 {[%clk 1:08:10]} 7. e3
{[%clk 1:27:40]} Be7 {[%clk 1:07:24]} 8. Bxe7 {[%clk 1:24:00]} Nxe7
{[%clk 1:07:50]} 9. Bd3 {[%clk 1:23:58]} Nbc6 {[%clk 1:01:33]} 10. Nf3
{[%clk 1:22:32]} Bd7 {[%clk 1:00:59]} 11. O-O {[%clk 1:22:48]} O-O
{[%clk 1:01:11]} 12. Rc1 {[%clk 1:21:55]} 1/2-1/2

[Event "Kandidatklassen"]
[Site "?"]
[Date "2018.03.31"]
[Round "5.7"]
[White "Fredericia Nilssen (2044), Ellen"]
[Black "Moe (2226), FM Mogens"]
[Result "1-0"]
[BlackElo "2228"]
[WhiteElo "2044"]
[LiveChessVersion "1.4.8"]

1. d4 {[%clk 1:30:54]} Nf6 {[%clk 1:30:54]} 2. c4 {[%clk 1:31:18]} g6
{[%clk 1:31:19]} 3. Nc3 {[%clk 1:31:41]} d5 {[%clk 1:31:43]} 4. cxd5
{[%clk 1:31:42]} Nxd5 {[%clk 1:32:07]} 5. e4 {[%clk 1:32:03]} Nxc3
{[%clk 1:32:31]} 6. bxc3 {[%clk 1:32:18]} Bg7 {[%clk 1:32:54]} 7. Be3
{[%clk 1:32:40]} O-O {[%clk 1:32:46]} 8. Qd2 {[%clk 1:32:08]} c5 {[%clk 1:32:55]}
9. Nf3 {[%clk 1:31:27]} Qa5 {[%clk 1:29:29]} 10. Rc1 {[%clk 1:31:29]} Rd8
{[%clk 1:23:56]} 11. d5 {[%clk 1:24:54]} Nc6 {[%clk 1:23:41]} 12. Be2
{[%clk 1:23:56]} b6 {[%clk 1:11:17]} 13. O-O {[%clk 1:17:13]} Ba6
{[%clk 1:10:55]} 14. Bxa6 {[%clk 1:13:00]} Qxa6 {[%clk 1:11:21]} 15. Bh6
{[%clk 1:11:53]} f6 {[%clk 0:55:32]} 16. Bxg7 {[%clk 1:02:42]} Kxg7
{[%clk 0:55:44]} 17. Qf4 {[%clk 1:02:52]} Na5 {[%clk 0:53:42]} 18. e5
{[%clk 0:53:54]} Rxd5 {[%clk 0:47:38]} 19. exf6+ {[%clk 0:53:31]} exf6
{[%clk 0:47:54]} 20. Qc7+ {[%clk 0:43:36]} Kg8 {[%clk 0:46:46]} 21. Qe7
{[%clk 0:38:47]} b5 {[%clk 0:40:57]} 22. Rcd1 {[%clk 0:36:05]} Rad8
{[%clk 0:41:09]} 23. Qxd8+ {[%clk 0:35:17]} Rxd8 {[%clk 0:41:29]} 24. Rxd8+
{[%clk 0:35:44]} Kg7 {[%clk 0:36:35]} 25. Rfd1 {[%clk 0:32:49]} g5
{[%clk 0:31:32]} 26. Nxg5 {[%clk 0:30:12]} Nc6 {[%clk 0:30:15]} 27. R8d7+
{[%clk 0:27:47]} Kg6 {[%clk 0:30:13]} 28. Nxh7 {[%clk 0:26:14]} Qxa2
{[%clk 0:28:36]} 29. Nf8+ {[%clk 0:22:23]} Kf5 {[%clk 0:26:57]} 30. R7d5+
{[%clk 0:20:02]} Ne5 {[%clk 0:27:10]} 31. f4 {[%clk 0:18:09]} Kxf4
{[%clk 0:26:16]} 32. Ne6+ {[%clk 0:12:30]} Kf5 {[%clk 0:26:15]} 33. Nxc5
{[%clk 0:12:50]} Qc4 {[%clk 0:23:30]} 34. Nd7 {[%clk 0:10:45]} a5
{[%clk 0:22:26]} 35. Rc5 {[%clk 0:05:44]} Qe2 {[%clk 0:22:00]} 36. Rcd5
{[%clk 0:04:22]} a4 {[%clk 0:21:57]} 37. Nf8 {[%clk 0:00:57]} Qe3+
{[%clk 0:15:01]} 38. Kh1 {[%clk 0:01:25]} a3 {[%clk 0:11:24]} 39. Rf1+
{[%clk 0:01:40]} Ke4 {[%clk 0:10:01]} 40. Rd4+ Qxd4 {[%clk 0:09:25]} 41. cxd4
{[%clk 0:00:51]} Kxd4 {[%clk 0:09:20]} 42. Ne6+ {[%clk 0:20:57]} Kc3
{[%clk 0:37:42]} 43. Nc7 {[%clk 0:15:09]} b4 {[%clk 0:37:32]} 44. Nd5+
{[%clk 0:14:36]} Kc4 {[%clk 0:37:49]} 45. Nxb4 {[%clk 0:15:01]} Kxb4
{[%clk 0:38:14]} 46. Rxf6 {[%clk 0:14:25]} Nc4 {[%clk 0:36:57]} 47. Rf1
{[%clk 0:14:47]} a2 {[%clk 0:36:54]} 48. Ra1 {[%clk 0:15:10]} Kb3
{[%clk 0:37:19]} 49. h4 {[%clk 0:12:54]} Kb2 {[%clk 0:37:44]} 50. Rxa2+
{[%clk 0:13:19]} Kxa2 {[%clk 0:38:11]} 51. Kh2 {[%clk 0:13:04]} Kb3
{[%clk 0:38:28]} 52. Kg3 {[%clk 0:13:01]} Nd6 {[%clk 0:38:44]} 53. Kf4
{[%clk 0:13:02]} Kc4 {[%clk 0:39:02]} 54. Ke5 {[%clk 0:12:47]} Nf7+
{[%clk 0:38:24]} 55. Kf6 {[%clk 0:12:14]} Nh6 {[%clk 0:38:45]} 56. Kg6
{[%clk 0:12:32]} Ng4 {[%clk 0:36:57]} 57. Kg5 {[%clk 0:12:19]} Ne5
{[%clk 0:37:06]} 58. h5 {[%clk 0:10:04]} Kd5 {[%clk 0:33:17]} 59. h6
{[%clk 0:08:23]} Ke6 {[%clk 0:33:20]} 60. h7 {[%clk 0:07:39]} Ke7
{[%clk 0:33:19]} 61. Kf5 {[%clk 0:07:18]} Nf7 {[%clk 0:32:52]} 62. Kg6
{[%clk 0:07:16]} Kf8 {[%clk 0:33:04]} 63. Kf6 {[%clk 0:07:39]} Ke8
{[%clk 0:31:14]} 64. g4 {[%clk 0:08:02]} 1-0

[Event "Kandidatklassen"]
[Site "?"]
[Date "2018.03.31"]
[Round "5.8"]
[White "Jaksland (2210), FM Tim"]
[Black "Kistrup (2082), Nicolai"]
[Result "1-0"]
[BlackElo "2082"]
[WhiteElo "2210"]
[LiveChessVersion "1.4.8"]

1. Nf3 {[%clk 1:30:56]} c5 {[%clk 1:30:51]} 2. b3 {[%clk 1:30:48]} Nf6
{[%clk 1:30:39]} 3. c4 {[%clk 1:30:25]} d5 {[%clk 1:27:44]} 4. cxd5
{[%clk 1:29:43]} Nxd5 {[%clk 1:27:45]} 5. g3 {[%clk 1:28:06]} Nc6
{[%clk 1:27:34]} 6. Bb2 {[%clk 1:28:16]} f6 {[%clk 1:26:55]} 7. Nc3
{[%clk 1:24:09]} e5 {[%clk 1:23:12]} 8. Bg2 {[%clk 1:21:53]} Be6 {[%clk 1:22:17]}
9. O-O {[%clk 1:22:16]} Qd7 {[%clk 1:21:29]} 10. Rc1 {[%clk 1:17:04]} Be7
{[%clk 1:15:13]} 11. d3 {[%clk 0:59:28]} Rc8 {[%clk 0:48:47]} 12. Rc2
{[%clk 0:46:58]} O-O {[%clk 0:43:38]} 13. Rd2 {[%clk 0:46:37]} Nc7
{[%clk 0:37:47]} 14. e3 {[%clk 0:37:30]} f5 {[%clk 0:33:29]} 15. d4
{[%clk 0:31:22]} cxd4 {[%clk 0:26:27]} 16. exd4 {[%clk 0:31:33]} exd4
{[%clk 0:21:09]} 17. Nxd4 {[%clk 0:31:49]} Rfd8 {[%clk 0:16:59]} 18. Nxc6
{[%clk 0:29:59]} Qxd2 {[%clk 0:15:28]} 19. Nxe7+ {[%clk 0:30:00]} Kf7
{[%clk 0:15:01]} 20. Nxc8 {[%clk 0:27:04]} Bxc8 {[%clk 0:13:34]} 21. Qh5+
{[%clk 0:23:09]} Ke7 {[%clk 0:06:10]} 22. Bc1 {[%clk 0:19:55]} Qxc3
{[%clk 0:05:14]} 23. Bg5+ {[%clk 0:20:19]} Kf8 {[%clk 0:05:02]} 24. Bxd8
{[%clk 0:20:21]} Be6 {[%clk 0:03:06]} 25. Bxc7 {[%clk 0:20:29]} Qxc7
{[%clk 0:03:23]} 26. Re1 {[%clk 0:20:21]} Qd7 {[%clk 0:03:00]} 27. Qe2
{[%clk 0:20:32]} Bf7 {[%clk 0:03:01]} 28. Rd1 {[%clk 0:20:46]} 1-0

[Event "Kandidatklassen"]
[Site "?"]
[Date "2018.03.31"]
[Round "5.9"]
[White "Søndergaard Thybo (2044), Thomas"]
[Black "Abildlund Brorsen (2145), Jacob"]
[Result "1-0"]
[BlackElo "2145"]
[WhiteElo "2044"]
[LiveChessVersion "1.4.8"]

1. e4 {[%clk 1:30:47]} e5 {[%clk 1:28:16]} 2. Nf3 {[%clk 1:31:03]} Nc6
{[%clk 1:28:41]} 3. Bb5 {[%clk 1:31:23]} a6 {[%clk 1:29:06]} 4. Ba4
{[%clk 1:31:39]} Nf6 {[%clk 1:29:24]} 5. O-O {[%clk 1:31:55]} b5 {[%clk 1:29:37]}
6. Bb3 {[%clk 1:32:09]} Be7 {[%clk 1:29:59]} 7. Re1 {[%clk 1:32:27]} d6
{[%clk 1:30:19]} 8. c3 {[%clk 1:32:49]} O-O {[%clk 1:30:25]} 9. h3
{[%clk 1:33:14]} Na5 {[%clk 1:30:31]} 10. Bc2 {[%clk 1:33:33]} c5
{[%clk 1:30:55]} 11. d4 {[%clk 1:33:52]} Nd7 {[%clk 1:30:57]} 12. Nbd2
{[%clk 1:32:25]} exd4 {[%clk 1:26:54]} 13. cxd4 {[%clk 1:32:45]} Nc6
{[%clk 1:27:15]} 14. d5 {[%clk 1:32:17]} Nce5 {[%clk 1:27:26]} 15. a4
{[%clk 1:31:42]} Rb8 {[%clk 1:26:35]} 16. Nxe5 {[%clk 1:31:07]} dxe5
{[%clk 1:23:58]} 17. axb5 {[%clk 1:29:59]} axb5 {[%clk 1:24:06]} 18. Nf1
{[%clk 1:28:57]} Bd6 {[%clk 1:20:59]} 19. Ng3 {[%clk 1:25:55]} Re8
{[%clk 1:13:41]} 20. Nf5 {[%clk 1:10:44]} Nf8 {[%clk 1:12:50]} 21. Nxd6
{[%clk 1:08:00]} Qxd6 {[%clk 1:13:10]} 22. Be3 {[%clk 1:06:47]} Nd7
{[%clk 1:07:57]} 23. Qe2 {[%clk 1:03:38]} b4 {[%clk 0:45:59]} 24. Rec1
{[%clk 1:01:16]} Rb6 {[%clk 0:44:11]} 25. Bd3 {[%clk 1:00:32]} Qg6
{[%clk 0:29:46]} 26. Ra8 {[%clk 0:56:11]} Nb8 {[%clk 0:27:12]} 27. Bxc5
{[%clk 0:52:20]} Bxh3 {[%clk 0:25:46]} 28. Qf3 {[%clk 0:48:33]} Bg4
{[%clk 0:25:34]} 29. Qg3 {[%clk 0:48:49]} Rb7 {[%clk 0:25:01]} 30. Ba6
{[%clk 0:44:50]} Rc7 {[%clk 0:25:15]} 31. d6 {[%clk 0:33:33]} Rxc5
{[%clk 0:17:06]} 32. Rxc5 {[%clk 0:32:53]} Qxe4 {[%clk 0:17:09]} 33. Rxe5
{[%clk 0:32:31]} Rxe5 {[%clk 0:16:49]} 34. Qxe5 {[%clk 0:32:38]} 1-0

[Event "Kandidatklassen"]
[Site "?"]
[Date "2018.03.31"]
[Round "5.10"]
[White "Guillermo Quiñones-Maletti (2133), Julio"]
[Black "Hartung-Nielsen (2204), Jens"]
[Result "0-1"]
[BlackElo "2204"]
[WhiteElo "2133"]
[LiveChessVersion "1.4.8"]

1. e4 {[%clk 1:30:57]} c5 {[%clk 1:30:55]} 2. Nf3 {[%clk 1:31:19]} g6
{[%clk 1:31:17]} 3. d4 {[%clk 1:31:42]} cxd4 {[%clk 1:31:39]} 4. Nxd4
{[%clk 1:32:06]} Bg7 {[%clk 1:31:58]} 5. Nc3 {[%clk 1:32:31]} Nc6
{[%clk 1:32:18]} 6. Be3 {[%clk 1:32:56]} Nf6 {[%clk 1:32:44]} 7. Bc4
{[%clk 1:33:18]} O-O {[%clk 1:32:29]} 8. Bb3 {[%clk 1:33:27]} a6 {[%clk 1:32:13]}
9. f3 {[%clk 1:31:08]} Qc7 {[%clk 1:32:26]} 10. Qd2 {[%clk 1:31:16]} b5
{[%clk 1:32:37]} 11. O-O-O {[%clk 1:30:22]} Bb7 {[%clk 1:32:08]} 12. h4
{[%clk 1:27:51]} h5 {[%clk 1:32:23]} 13. g4 {[%clk 1:20:52]} e6 {[%clk 1:16:49]}
14. Nxc6 {[%clk 0:58:33]} Bxc6 {[%clk 1:17:11]} 15. Bf4 {[%clk 0:55:19]} Qb7
{[%clk 1:16:07]} 16. Rdg1 {[%clk 0:37:10]} a5 {[%clk 1:04:21]} 17. Bh6
{[%clk 0:25:26]} a4 {[%clk 1:03:35]} 18. Bxg7 {[%clk 0:25:52]} Kxg7
{[%clk 1:03:59]} 19. Bd5 {[%clk 0:25:40]} exd5 {[%clk 1:02:52]} 20. e5
{[%clk 0:23:25]} Nxg4 {[%clk 0:51:46]} 21. fxg4 {[%clk 0:23:44]} d4
{[%clk 0:52:07]} 22. gxh5 {[%clk 0:22:06]} Bxh1 {[%clk 0:50:12]} 23. hxg6
{[%clk 0:15:02]} dxc3 {[%clk 0:39:54]} 24. Qg5 {[%clk 0:04:18]} Ra6
{[%clk 0:39:05]} 25. h5 {[%clk 0:03:51]} fxg6 {[%clk 0:37:26]} 26. h6+
{[%clk 0:01:38]} Kh8 {[%clk 0:36:40]} 27. Qe7 {[%clk 0:01:53]} Rg8
{[%clk 0:37:00]} 28. h7 {[%clk 0:00:38]} Rc8 {[%clk 0:33:49]} 29. Rd1
{[%clk 0:00:49]} Re6 {[%clk 0:33:11]} 30. Qf7 {[%clk 0:01:08]} cxb2+
{[%clk 0:31:22]} 31. Kb1 {[%clk 0:01:31]} Qc6 {[%clk 0:31:22]} 32. Rd2
{[%clk 0:01:53]} Be4 {[%clk 0:31:23]} 33. Qf2 {[%clk 0:02:03]} a3
{[%clk 0:30:12]} 34. Qh2 {[%clk 0:00:37]} Qxc2+ {[%clk 0:29:01]} 35. Rxc2
{[%clk 0:00:57]} Bxc2+ {[%clk 0:29:25]} 36. Qxc2 {[%clk 0:01:20]} Rxc2
{[%clk 0:29:50]} 37. Kxc2 {[%clk 0:01:43]} Rc6+ {[%clk 0:30:16]} 0-1